000 00298nam a22001337a 4500
005 20230818094248.0
008 230818b |||||||| |||| 00| 0 eng d
040 _aLoreto college
041 _aEnglish
082 _a820
_bEAG
245 _aTje event of literature
850 _aLCLIB
942 _cBK
999 _c43505
_d93984